000 01338nam a2200337 a 4500
001 ebr10064327
003 CaPaEBR
006 m u
007 cr cn|||||||||
008 990224s2000 enka sb 001 0 eng
010 _z 99021364
020 _z0521582865 (hardback)
040 _aCaPaEBR
_cCaPaEBR
035 _a(OCoLC)51729085
050 1 4 _aQB539.M23
_bS37 2000eb
082 0 4 _a523.7/2
_221
100 1 _aSchrijver, Carolus J.
245 1 0 _aSolar and stellar magnetic activity
_h[electronic resource] /
_cC.J. Schrijver, C. Zwaan.
260 _aCambridge, U.K. ;
_aNew York :
_bCambridge University Press,
_c2000.
300 _axvi, 384 p. :
_bill.
490 1 _aCambridge astrophysics series ;
_v34
504 _aIncludes bibliographical references (p. 353-373) and index.
533 _aElectronic reproduction.
_bPalo Alto, Calif. :
_cebrary,
_d2013.
_nAvailable via World Wide Web.
_nAccess may be limited to ebrary affiliated libraries.
650 0 _aSolar magnetic fields.
650 0 _aStars
_xMagnetic fields.
655 7 _aElectronic books.
_2local
700 1 _aZwaan, C.
_q(Cornelis)
710 2 _aebrary, Inc.
830 0 _aCambridge astrophysics series ;
_v34.
856 4 0 _uhttp://site.ebrary.com/lib/rucke/Doc?id=10064327
_zAn electronic book accessible through the World Wide Web; click to view
999 _c48534
_d48534